000 01390nam a2200325Ia 4500
001 ebr10325879
003 CaPaEBR
006 m u
007 cr cn|||||||||
008 081120s2009 enk sb 001 0deng d
010 _z 2008050393
020 _z9780754664918 (alk. paper)
020 _z9780754694441 (ebook)
040 _aCaPaEBR
_cCaPaEBR
035 _a(OCoLC)435374960
050 1 4 _aBX9419.C53
_bB37 2009eb
100 1 _aBarker, Sara.
245 1 0 _aProtestantism, poetry, and protest
_h[electronic resource] :
_bthe vernacular writings of Antoine de Chandieu, c.1534-1591 /
_cS. K. Barker.
260 _aFarnham, Surrey, UK ;
_aBurlington, VT :
_bAshgate,
_cc2009.
300 _ax, 335 p.
490 1 _aSt. Andrews studies in Reformation history
504 _aIncludes bibliographical references (p. [307]-327) and index.
533 _aElectronic reproduction.
_bPalo Alto, Calif. :
_cebrary,
_d2011.
_nAvailable via World Wide Web.
_nAccess may be limited to ebrary affiliated libraries.
600 1 0 _aChandieu, Antoine de,
_d1534-1591.
650 0 _aProtestantism
_zFrance
_xHistory
_y16th century.
655 7 _aElectronic books.
_2local
710 2 _aebrary, Inc.
830 0 _aSt. Andrews studies in Reformation history.
856 4 0 _uhttp://site.ebrary.com/lib/rucke/Doc?id=10325879
_zAn electronic book accessible through the World Wide Web; click to view
999 _c54170
_d54170